La tiranía del calendario : la medición del tiempo en la cultura occidental /

Bibliographic Details
Main Author: Ruiz García, Elisa (Author)
Format: Electronic eBook
Language:Spanish
Published: Zaragoza, España : Prensas de la Universidad de Zaragoza, 2023.
Edition:1a edición.
Series:In culpa est ; no. 13.
Subjects:
Online Access:Digitalia Hispánica

MARC

LEADER 00000nam a2200000 i 4500
001 DIGPUZ0999
003 NyNyDIG
007 cr |||||||||||
008 240807s2023 sp a ob 000 0 spa d
006 m o d
035 |a (OCoLC)1446464536 
040 |a DGITA  |b eng  |e rda  |e pn  |c DGITA 
020 |a 9788413408170  |q eBook 
020 |z 9788413408163 
050 1 4 |a CE6 ebook 
100 1 |a Ruiz García, Elisa,  |e author. 
245 1 3 |a La tiranía del calendario :  |b la medición del tiempo en la cultura occidental /  |c Elisa Ruiz García. 
250 |a 1a edición. 
264 1 |a Zaragoza, España :  |b Prensas de la Universidad de Zaragoza,  |c 2023. 
300 |a 1 online resource :  |b illustrations. 
336 |a text  |b txt  |2 rdacontent 
337 |a computer  |b c  |2 rdamedia 
338 |a online resource  |b cr  |2 rdacarrier 
347 |a text file  |2 rdaft 
347 |b PDF 
490 1 |a In culpa est ;  |v no. 13 
504 |a Includes bibliographical references. 
588 0 |a Online resource; title from PDF title page (Digitalia, viewed August 7, 2024) 
650 0 |a Chronology. 
650 0 |a Chronology, Historical. 
650 0 |a Calendars. 
650 0 |a Calendar, Gregorian. 
791 2 |a Digitalia (Firm),  |e distributor. 
793 0 |g Digitalia eBook Collection:  |a Prensas Universitarias de Zaragoza 
776 0 8 |i Print version:  |a Ruiz García, Elisa.  |t Tiranía del calendario.  |b 1a edición.  |d Zaragoza, España : Prensas de la Universidad de Zaragoza, [2023]  |z 9788413408163 
830 0 |a In culpa est ;  |v no. 13. 
856 4 0 |3 Digitalia Hispánica  |u https://www.digitaliapublishing.com/a/158162/ 
910 |a Premium collection: 2024